Music Quiz

Random Music or Song Quiz
Score 0/172 Timer 08:00
6 Plays Today
% Correct
on.
98.8%
on.
98.8%
on.
98.8%
on
98.8%
on.
98.8%
on.
98.8%
on.
98.8%
On
98.8%
on.
98.8%
on.
98.8%
on
98.8%
on.
98.8%
go
98.7%
go
98.7%
go
98.7%
go
98.7%
go
98.7%
go
98.7%
go
98.7%
go
98.7%
go
98.7%
go
98.7%
my
98.4%
my
98.4%
my
98.4%
my
98.4%
my
98.4%
my
98.4%
my
98.4%
my
98.4%
my
98.4%
I
98.2%
I
98.2%
I
98.2%
I
98.2%
I
98.2%
I
98.2%
I
98.2%
I
98.2%
I
98.2%
heart
98%
heart
98%
heart
98%
heart
98%
heart
98%
heart
98%
heart
98%
heart
98%
heart
98%
you.
97.9%
you.
97.9%
you
97.9%
you
97.9%
you
97.9%
you
97.9%
you
97.9%
you.
97.9%
you
97.9%
% Correct
you
97.9%
You
97.9%
will
97%
will
97%
will
97%
will
97%
a
96.1%
and
92.8%
and
92.8%
and
92.8%
and
92.8%
and
92.8%
and
92.8%
and
92.8%
and
92.8%
and
92.8%
and
92.8%
and
92.8%
and
92.8%
the
92%
the
92%
the
92%
the
92%
the
92%
in
89.7%
in
89.7%
In
89.7%
in
89.7%
in
89.7%
are.
89.5%
are.
89.5%
are
89.5%
That
88.7%
that
88.7%
that
88.7%
that
88.7%
know
86.3%
know
86.3%
see
85.5%
feel
85.2%
Far
84%
far,
84%
far,
84%
is
83.4%
wherever
83%
wherever
83%
Near,
82.5%
Near,
82.5%
dreams,
79.5%
how
78.8%
night
78.1%
Every
78.1%
Love
75.9%
Love
75.9%
to.
75%
to
74.9%
us,
71.5%
us
71.5%
% Correct
for
71%
here
70.4%
here
70.4%
here;
70.4%
believe
69.1%
believe
69.1%
can
68.4%
across
66.4%
distance
66.3%
does
65.7%
does
65.7%
between
63.9%
you're
63.9%
you're
63.9%
You're
63.9%
time
63.1%
time,
63.1%
life,
62.3%
Once
61.4%
Once
61.4%
more,
60.5%
more,
60.5%
door
60.3%
door
60.3%
open
60.2%
open
60.2%
one
59.8%
One
59.8%
spaces
59.5%
have
58.4%
when
56.8%
last
54.9%
always
54.9%
touch
54.5%
lifetime
54.5%
this
53.1%
come
53%
forever
52.6%
nothing
52.1%
show
51.9%
there's
51.1%
fear
51.1%
way.
47.7%
we'll
47.2%
We'll
47.2%
stay
47.2%
hold
46.3%
was
45.8%
never
44.4%
we're
43.7%
let
43.1%
loved
41.6%
true
41.4%
safe
40.8%
gone.
39.2%
'til
37.6%
Remove Ads.
Support Sporcle.
Get the best of Sporcle when you Go Orange. This ad-free experience offers more features, more stats, and more fun while also helping to support Sporcle. Thank you for becoming a member.

You're not logged in!

Compare scores with friends on all Sporcle quizzes.
OR
Log In

Show Comments

Extras

Top Quizzes Today


Score Distribution

Your Account Isn't Verified!

In order to create a playlist on Sporcle, you need to verify the email address you used during registration. Go to your Sporcle Settings to finish the process.

Report this User

Report this user for behavior that violates our Community Guidelines.

Details: